| 000 | 01676nam a2200349 a 4500 | ||
|---|---|---|---|
| 001 | 000358 | ||
| 003 | DO-SdBNP | ||
| 005 | 20160429100654.0 | ||
| 007 | 000358 | ||
| 008 | 150130s1996 dr ac 000 0 spa d | ||
| 020 | _a8482610805 | ||
| 040 |
_aBPMSU _bspa _cBPMSU |
||
| 092 |
_a372.257 _bL791c, 4to. 1996 |
||
| 100 | 1 | _aLlibre de Vargas, Claudia | |
| 245 | 0 | 0 |
_aCiencias de la naturaleza 4 : _beducación básica / _cClaudia Llibre de Vargas ; dirección editorial Obdulia García de Escobar ; ilustracion Roberto Germán, Frank Suárez, Ruddy Núñez |
| 260 |
_aSanto Domingo : _bSantillana, _c1998. |
||
| 300 |
_a111 p. : _bil. retrs. ; _c28 cm. |
||
| 500 | _aLa biblioteca solamente posee el libro de texto. | ||
| 505 | 1 |
_tEl universo -- _tEl sistema solar -- _tNuestro planeta -- _tLa luz -- _tEl sonido -- _tLa célula: unidad de vida -- _tEl cuerpo por dentro -- _tLos animales -- _tLas plantas -- _tLos ecosistemas -- _tIntercambio de energía en los ecosistemas -- _tLos recursos naturales -- _tLos recursos naturales y su explotación -- _tLa contaminación -- _tDeforestación y extinción de especies -- _tLa agricultura -- _tTecnología en la vida -- |
|
| 650 |
_aCIENCIAS NATURALES _xENSEÑANZA BÁSICA |
||
| 650 |
_aCIENCIAS NATURALES _xEDUCACIÓN PRIMARIA |
||
| 650 | _aEDUCACIÓN PRIMARIA | ||
| 650 |
_aCIENCIAS NATURALES _zREPÚBLICA DOMINICANA |
||
| 650 |
_aCIENCIAS NATURALES _xLIBROS DE TEXTO |
||
| 650 |
_aCIENCIAS NATURALES _xESTUDIOS Y EJERCICIOS |
||
| 700 | 1 |
_aGarcía de Escobar, Obdulia _edir. ed. |
|
| 700 | 1 |
_aNúñez, Ruddy _eil. |
|
| 700 | 1 |
_aGermán, Roberto _eil. |
|
| 700 | 1 |
_aSuárez, Frank _eil. |
|
| 942 |
_2ddc _cBK |
||
| 956 |
_aYLOCKWARD _b10 |
||
| 999 |
_c9958 _d9958 |
||